000 00613nam a2200229Ia 4500
003 OSt
005 20220928123931.0
006 a|||||r|||| 00| 0
007 ta
008 220927b |||||||| |||| 00| 0 eng d
024 _a57974
037 _cTextual
040 _aSDCL
_cSDCL
_beng
041 _2eng
_aeng
082 _aV613'N8, M1
100 _aHudson Miles
_9462436
245 0 _aTriumph or tragedy?
_b Rhodesia to Zimbabwe
260 _aLondon
_bHamish Hamilton
_c1981
300 _axv,252p
_ccm.
942 _hV613'N8, M1
_cTEXL
_2CC
999 _c775422
_d775422